<?xml version="1.0" encoding="UTF-8"?>
<collection xmlns="http://www.loc.gov/MARC21/slim">
  <record>
    <leader>00000nam  2200000   4500</leader>
    <controlfield tag="001">INLIS000000000015803</controlfield>
    <controlfield tag="005">20230906015805</controlfield>
    <datafield tag="035" ind1="#" ind2="#">
      <subfield code="a">0010-0923000044</subfield>
    </datafield>
    <datafield tag="245" ind1="1" ind2="#">
      <subfield code="a">Pengembangan Tata Kelola Database Periset Indonesia dalam Rangka Meningkatkan Kolaborasi Riset dan Inovasi Yang Memperkuat Perumusan Kebijakan Pemerintah dan Meningkatkan Daya Saing Indonesia /</subfield>
      <subfield code="c">Nining Setyowati Dewi Andayani</subfield>
    </datafield>
    <datafield tag="100" ind1=" " ind2="#">
      <subfield code="a">Nining Setyowati Dewi Andayani</subfield>
    </datafield>
    <datafield tag="250" ind1="#" ind2="#">
      <subfield code="a">1</subfield>
    </datafield>
    <datafield tag="300" ind1="#" ind2="#">
      <subfield code="a">40 halaman :</subfield>
      <subfield code="b">ilus ;</subfield>
      <subfield code="c">30 cm</subfield>
    </datafield>
    <datafield tag="856" ind1="#" ind2="#">
      <subfield code="a">Perpustakaan LAN Pusat</subfield>
    </datafield>
    <datafield tag="260" ind1="#" ind2="#">
      <subfield code="a">Jakarta :</subfield>
      <subfield code="b">Pusbangkom Pimnas dan Manajerial ASN,</subfield>
      <subfield code="c">2022</subfield>
    </datafield>
    <datafield tag="084" ind1="#" ind2="#">
      <subfield code="a">R 152 PIM II 2022</subfield>
    </datafield>
    <datafield tag="650" ind1="#" ind2="4">
      <subfield code="a">Penelitian</subfield>
    </datafield>
    <datafield tag="520" ind1="#" ind2="#">
      <subfield code="a">Open Platform BRIN belum didukung oleh regulasi terintegrasi dengan skema perogram lain, belum didukung basis data profil kepakaran yang dimiliki periset, belum ada kejelasan topik riset yang ditawarkan kepada calon periset kolaborator, dan pengembangan kompetensi periset belum optimal menggunakan potensi kepakaran riset dan inovasi yang dimiliki. Proyek perubahan ini bertujuan untuk mewujudkan database profil kepakaran periset Indonesia yang informatif dan terintegrasi dalam rangka meningkatkan kolaborasi riset dan inovasi Indonesia dengan luaran 1) tersusunnya regulasi tatakelola database periset Indonesia; 2) terbangunnya sistem informasi periset yang informatif, terintegrasi dan mudah diakses, dan 3) tersusunnya rancangan regulasi mobilitas periset Indonesia.</subfield>
    </datafield>
    <datafield tag="990" ind1="#" ind2="#">
      <subfield code="a">152</subfield>
    </datafield>
  </record>
</collection>
